Music Quiz

Random Music or Song Quiz

Clicky-oke: La Bamba by Richie Valens Quiz Stats

 Plays Quiz not verified by Sporcle

Score 0/28 Timer 05:00
1 Play Today
% Correct
La Bamba
91.6%
La Bamba
90.7%
La Bamba
89.7%
La Bamba
88.8%
capitan
85%
de gracia
85%
poca de gracia
83.2%
La Bamba
83.2%
de gracia
82.2%
soy marinero
82.2%
capitan
82.2%
poca de gracia
81.3%
capitan
80.4%
La Bamba
80.4%
% Correct
soy marinero
79.4%
de gracia
79.4%
poca de gracia
79.4%
Bamba, bamba
74.8%
por ti sere
74.8%
arriba arriba
72.9%
Bamba, bamba
70.1%
arriba arriba
68.2%
ay arriba, ay arriba
67.3%
ay arriba, ay arriba
64.5%
por ti sere
58.9%
ay arriba, ay arriba
51.4%
bamba
43.9%
bamba bam
25.2%

You're not logged in!

Compare scores with friends on all Sporcle quizzes.
OR
Log In

Sporcle TV

Today on Sporcle TV


Watch our educational content, quiz creation guides, and fun videos on Sporcle TV.

Show Comments

Extras

Top Quizzes Today


Score Distribution

Your Account Isn't Verified!

In order to create a playlist on Sporcle, you need to verify the email address you used during registration. Go to your Sporcle Settings to finish the process.

Report this User

Report this user for behavior that violates our Community Guidelines.

Details: